Le mouvement libertaire sous la 3e République (Record no. 75840)

MARC details
000 -LEADER
campo de control de longitud fija 00878nam a2200229 i 4500
001 - NÚMERO DE CONTROL
campo de control 75840
003 - IDENTIFICADOR DE NÚMERO DE CONTROL
campo de control ES-MaACL
005 - FECHA Y HORA DE LA ÚLTIMA TRANSACCIÓN
campo de control 20250809090346.0
007 - CAMPO FIJO DE DESCRIPCIÓN FÍSICA--INFORMACIÓN GENERAL
campo de control de longitud fija t|
008 - DATOS DE LONGITUD FIJA--INFORMACIÓN GENERAL
campo de control de longitud fija 040928s1930 fr f |||| | fre d
100 1# - ENTRADA PRINCIPAL--NOMBRE DE PERSONA
Nombre de persona Grave, Jean.
9 (RLIN) 59773
245 13 - MENCIÓN DEL TÍTULO
Título Le mouvement libertaire sous la 3e République
Resto del título : (souvenirs d'un révolté) /
Mención de responsabilidad, etc. Jean Grave.
260 ## - PUBLICACIÓN, DISTRIBUCIÓN, ETC.
Lugar de publicación, distribución, etc. Paris :
Nombre del editor, distribuidor, etc. Les Oeuvres Représentatives,
Fecha de publicación, distribución, etc. [1930] (
Fabricante Never Georger Celestin)
300 ## - DESCRIPCIÓN FÍSICA
Extensión 304 p., [16] p. de lám. ;
Dimensiones 13 cm.
530 ## - NOTA DISPONIBLE DE FORMULARIO FÍSICO ADICIONAL
Nota de formato físico adicional disponible Disponible en formato digital.
650 #4 - PUNTO DE ACCESO ADICIONAL DE MATERIA--TÉRMINO DE MATERIA
Término de materia o nombre geográfico como elemento de entrada Anarquismo-
Subdivisión geográfica Francia.
9 (RLIN) 9796
651 #4 - PUNTO DE ACCESO ADICIONAL DE MATERIA--NOMBRE GEOGRÁFICO
Nombre geográfico Francia-
Subdivisión general Historia-
Subdivisión cronológica 1870-1940, III República
9 (RLIN) 8697
852 ## - LOCALIZACIÓN
Ubicación ES-MaACL
Número de control de estantería B-5854
Ubicación en estantería Sala Pardo Bazán
Nota libre Revisado enlace: 23de julio de 2025
856 4# - LOCALIZACIÓN Y ACCESO ELECTRÓNICOS
Identificador Uniforme de Recursos <a href="https://archive.org/details/sc_0000938829_00000001704143/page/n5">https://archive.org/details/sc_0000938829_00000001704143/page/n5</a>
Texto de enlace (Internet Archive)
942 ## - ELEMENTOS DE ENTRADA SECUNDARIOS (KOHA)
Fuente del sistema de clasificación o colocación Clasificación decimal universal
Holdings
Estatus retirado Estado de pérdida Estado de daño No para préstamo Colección Biblioteca de origen Biblioteca actual Ubicación en estantería Fecha de adquisición Fuente de adquisición Total de préstamos Signatura topográfica completa Código de barras Visto por última vez Precio de reemplazo Tipo de ítem Koha
        Colección digital Biblioteca del Ateneo de Madrid Biblioteca del Ateneo de Madrid Sala Pardo Bazán 17/01/2008     B-5854 1079378 23/02/2023 23/02/2023 Libro impreso